| 000 | 00413nam a2200157Ia 4500 | ||
|---|---|---|---|
| 008 | 240126s9999 xx 000 0 und d | ||
| 022 | _a1096-3758 | ||
| 041 | _aEnglish | ||
| 082 | _aBHM | ||
| 245 | 0 | _aJournal of Hospitality and Tourism Education | |
| 260 |
_bRoutledge, Taylor & Francis Group _aPhiladelphia |
||
| 440 | _aNULL | ||
| 650 | _aManagement, Hotel | ||
| 650 | _aManagement, Hotel | ||
| 942 | _cJN | ||
| 999 |
_c289393 _d289393 |
||